000 00796cab a2200241 4500
001 WB3519-05
008 090401t1999 xxu||||| |||| 00| 0 eng d
035 _a(Sirsi) u93503
041 _aeng
245 _aPayment action urged
260 _c1999
350 _a0
490 _aContract Journal
_v398(6226) 19 May 1999, 1(1)
520 _aSpecialist contractors are pressing for the inclusion of main contractors' payment records in the list of Key Performance Indicators announced by the government, to ensure that they are paying specialists in time.
650 _aBENCHMARKING
650 _aKEY PERFORMANCE INDICATORS
650 _aMAIN CONTRACTORS
650 _aPAYMENT
650 _aSPECIALIST CONTRACTORS
690 _aBUILT ENVIRONMENT
942 _n0
948 _c21/05/1999
999 _c59252
_d59252